Detalles MARC
| 000 -LEADER |
| fixed length control field |
01576nam a2200397 a 4500 |
| 001 - CONTROL NUMBER |
| control field |
0000349 |
| 003 - CONTROL NUMBER IDENTIFIER |
| control field |
DO-SdBNP |
| 005 - DATE AND TIME OF LATEST TRANSACTION |
| control field |
20160428112633.0 |
| 007 - PHYSICAL DESCRIPTION FIXED FIELD--GENERAL INFORMATION |
| fixed length control field |
0000349 |
| 008 - FIXED-LENGTH DATA ELEMENTS--GENERAL INFORMATION |
| fixed length control field |
100909s2012 dr a 000 0 spa d |
| 020 ## - INTERNATIONAL STANDARD BOOK NUMBER |
| International Standard Book Number |
9789945117714 (v. 1) |
| 020 ## - INTERNATIONAL STANDARD BOOK NUMBER |
| International Standard Book Number |
9789945117639 (v. 2) |
| 020 ## - INTERNATIONAL STANDARD BOOK NUMBER |
| International Standard Book Number |
9789945117646 (v. 3) |
| 040 ## - CATALOGING SOURCE |
| Original cataloging agency |
BPMSU |
| Language of cataloging |
spa |
| Transcribing agency |
BPMSU |
| 092 ## - LOCALLY ASSIGNED DEWEY CALL NUMBER (OCLC) |
| Classification number |
372.21 |
| Item number |
J61l, 4 años 2012 |
| 100 1# - MAIN ENTRY--PERSONAL NAME |
| Personal name |
Jiménez Rosa, Tania |
| 245 10 - TITLE STATEMENT |
| Title |
Grafomotricidad, aprendo matemáticas, lectoescritura 4: |
| Remainder of title |
educación inicial / |
| Statement of responsibility, etc. |
Tania Jiménez Rosa, Altagracia Santos ; dirección editorial Obdulia García de Escobar; ilustración Ruddy Núñez...[et al.]. |
| 260 ## - PUBLICATION, DISTRIBUTION, ETC. (IMPRINT) |
| Place of publication, distribution, etc. |
Santo Domingo : |
| Name of publisher, distributor, etc. |
Santillana, |
| Date of publication, distribution, etc. |
2012. |
| 300 ## - PHYSICAL DESCRIPTION |
| Extent |
v. : |
| Other physical details |
il., |
| Dimensions |
21 cm. |
| 490 1# - SERIES STATEMENT |
| Series statement |
Innova |
| 500 ## - GENERAL NOTE |
| General note |
Este libro ha sido realizado de conformidad con el currículum vigente y ha sido sometido a la aprobación del MINERD(Ministerio de Educación de la República Dominicana) |
| 500 ## - GENERAL NOTE |
| General note |
Los cuadernos están dividos en primer trimestre, segundo trimestre y tercer trimestre. |
| 650 ## - SUBJECT ADDED ENTRY--TOPICAL TERM |
| Topical term or geographic name as entry element |
EDUCACIÓN PREESCOLAR |
| Geographic subdivision |
REPÚBLICA DOMINICANA |
| 650 ## - SUBJECT ADDED ENTRY--TOPICAL TERM |
| Topical term or geographic name as entry element |
EDUCACIÓN DE NIÑOS |
| 650 ## - SUBJECT ADDED ENTRY--TOPICAL TERM |
| Topical term or geographic name as entry element |
EDUCACIÓN EN LA PRIMERA INFANCIA |
| 650 ## - SUBJECT ADDED ENTRY--TOPICAL TERM |
| Topical term or geographic name as entry element |
JARDINES INFANTILES |
| 650 ## - SUBJECT ADDED ENTRY--TOPICAL TERM |
| Topical term or geographic name as entry element |
EDUCACIÓN PREESCOLAR |
| General subdivision |
LIBROS DE TEXTO |
| 650 ## - SUBJECT ADDED ENTRY--TOPICAL TERM |
| Topical term or geographic name as entry element |
EDUCACIÓN PREESCOLAR |
| General subdivision |
ESTUDIOS Y EJERCICIOS |
| 700 1# - ADDED ENTRY--PERSONAL NAME |
| Personal name |
García de Escobar, Obdulia |
| Relator term |
ed. |
| 700 1# - ADDED ENTRY--PERSONAL NAME |
| Personal name |
Núñez, Ruddy |
| Relator term |
il. |
| 700 1# - ADDED ENTRY--PERSONAL NAME |
| Personal name |
Santos, Altagracia |
| 830 #0 - SERIES ADDED ENTRY--UNIFORM TITLE |
| Uniform title |
Innova |
| 910 ## - USER-OPTION DATA (OCLC) |
| User-option data |
000144 |
| 942 ## - ADDED ENTRY ELEMENTS (KOHA) |
| Source of classification or shelving scheme |
Dewey Decimal Classification |
| Koha item type |
Libros |
| 956 ## - LOCAL ELECTRONIC LOCATION AND ACCESS (OCLC) |
| Host name |
Yngrid Lockward |
| Access number |
10 |